|
|
|
|
| LEADER |
01013nam a2200301 4500 |
| 001 |
000013902 |
| 003 |
10249 |
| 005 |
20120326140311.0 |
| 008 |
120326s1971 viesd |
| 041 |
0 |
|
|a vie
|
| 082 |
|
|
|a 809
|b BR-D
|
| 100 |
0 |
|
|a Brewster,Dorothy
|
| 245 |
|
0 |
|a Tiểu thuyết hiện đại
|b Modern world fiction
|c Brewster,Dorothy
|
| 260 |
|
|
|a Tp. HCM
|b Phủ Quốc vụ khanh đặc trách văn hóa
|c 1971
|
| 300 |
|
|
|a 475 tr.
|c 21 cm
|
| 490 |
|
|
|a Tủ sách kim văn
|
| 700 |
|
|
|a Dương Thanh Bình
|e dịch
|
| 700 |
|
|
|a Burrell, John Angus
|
| OWN |
|
|
|a LSP
|
| AVA |
|
|
|a UDN50
|b LSP
|d 809 BR-D
|e available
|t Error 5001 Not defined in file expand_doc_bib_avail.
|f 1
|g 0
|h N
|i 0
|k 1
|
| 999 |
|
|
|a From the UDN01
|
| AVA |
|
|
|a UDN50
|b LSP
|d 809 BR-D
|e available
|t Error 5001 Not defined in file expand_doc_bib_avail.
|f 1
|g 0
|h N
|i 0
|k 1
|
| TYP |
|
|
|a Monograph
|
| TYP |
|
|
|a Printed language
|
| 980 |
|
|
|a Mạng thư viện Đại học Đà Nẵng
|